00271nam a2200109Ia 4500008004100000082001700041100001900058245003700077260002300114300000800137650001600145191201s2003 xx 000 0 und d a003.320bLAS aLAW, Averill M 0aSimulation Modeling and Analysis aN.DelhibTMHc2003 a760 aB.Tech(ECE)